MARC

LEADER 00000nam0a2200000 4500
001 254169
005 20231101232918.0
010 |a 526900092X 
020 |a RU  |b 89-44583 
035 |a (RuTPU)RU\TPU\book\276597 
090 |a 254169 
100 |a 20140319d1989 m a0rusy5003 ca 
101 0 |a rus 
102 |a RU 
105 |a a z 001zy 
200 1 |a Поколения молодых: живопись советских художников 1960-х - 1980-х гг.  |f А. И. Морозов 
210 |a Москва  |c Советский художник  |d 1989 
215 |a 252 с.  |c ил. 
225 1 |a Искусство: проблемы, история, практика 
320 |a Библиогр.: с. 251-252 
606 1 |a Искусство  |2 stltpush  |3 (RuTPU)RU\TPU\subj\13187  |9 39838 
610 1 |a советская живопись 
610 1 |a проблемы 
610 1 |a история 
610 1 |a практика 
610 1 |a художники 
610 1 |a культура 
610 1 |a выставки 
675 |a 75  |z rus  |v 4 
700 1 |a Морозов  |b А. И.  |g Александр Ильич 
801 0 |a RU  |b RuMRKP  |c 19950417  |g psbo 
801 1 |a RU  |b 63413507  |c 20140319 
801 2 |a RU  |b 63413507  |c 20180927  |g RCR 
942 |c BK